| 000 | 00814nam a2200265 a 4500 | ||
|---|---|---|---|
| 001 | vtls001193391 | ||
| 003 | NLI | ||
| 005 | 20210603151054.0 | ||
| 008 | 120328s1956 ii f001 0 eng d | ||
| 039 | 9 |
_y201203281648 _zVLOAD |
|
| 040 |
_a NLI _b eng _c Entertech IMP - 2012 _e AACR2 |
||
| 041 | 0 | _aeng | |
| 044 | _aii | ||
| 084 | _a171.A.2759 | ||
| 100 | 1 |
_aRangaswami, M. R. _965650 |
|
| 245 | 1 | 4 |
_aThe Companies general rules and forms and regulation / _cby M. R. Rangaswami |
| 260 |
_aAllahabad: _bLaw Book, _c1956 |
||
| 300 |
_avi, 90 p.; _c24 cm. |
||
| 887 | _a | ||
| 901 |
_a311707: _b03.09.1956 |
||
| 902 | _a171.A.2759 | ||
| 942 |
_2ddc _cBKS |
||
| 949 |
_AVIRTUAITEM _D10000 _X100 _6IMP000311707ENG |
||
| 999 |
_aVIRTUA _c463593 _d463593 |
||
| 999 | _aVTLSSORT0080*0400*0410*0440*0840*1000*2450*2600*3000*9010*9020*9490*9991 | ||